| 000 | 01216nam a2200265 i 4500 | ||
|---|---|---|---|
| 001 | 26617 | ||
| 003 | ES-MaACL | ||
| 005 | 20250810063023.0 | ||
| 007 | t| | ||
| 008 | 030109s18841890fr ||||1| fre d | ||
| 080 | _a929 Richelieu, Armand Jean du Plessis, duc de | ||
| 080 | _a94(44)"1610/43" | ||
| 100 | 1 |
_aAvenel, Georges d', _d1855-1939 _eaut _924019 |
|
| 245 | 1 | 0 |
_aRichelieu et la monarchie absolue / _cpar le Vicomte Georges d'Avenel |
| 260 |
_aParis : _bPlon, Nourrit et Cie, _c1884-1890 |
||
| 300 |
_a4 volúmenes ; _c23 cm |
||
| 505 | 0 | _aVol. 1. Le roi et la constitution; La noblesse et sa décadence - v. 2. La noblesse et sa décadence (suite); Administration générale, finances - v. 3. Administration générale (suite); Armée, marine et colonies, cultes, justice - v. 4. Administration générale, justice (suite et fin); Administration provinciale et communale | |
| 600 | 1 | 4 |
_aRichelieu, Armand Jean du Plessis, _cduc de, _d1585-1642 _996947 |
| 650 | 4 |
_aNobleza- _zFrancia _9161972 |
|
| 651 | 4 |
_aFrancia- _xHistoria- _y1610-1643, Luis XIII _9161635 |
|
| 852 |
_aES-MaACL _cDEPO2 _jG-2666-69 |
||
| 942 |
_2udc _cMONANT _n0 |
||
| 999 |
_c26617 _d26617 |
||